| 000 | 00342 a2200109 4500 | ||
|---|---|---|---|
| 001 | ART_52562 | ||
| 005 | 20260410161758.0 | ||
| 008 | 260409a | ||
| 245 | 1 | 0 | _aLas operatorias "contado con liquidación" y "dólar MEP" son legales |
| 100 | 1 | _aVolman, Mario | |
| 773 | 0 |
_tDoctrina tributaria _g- N°495 (jun. 2021) _wREV4296 |
|
| 999 |
_c20366 _d20366 |
||